Normal view
MARC view
Entry Topical Term
001 - CONTROL NUMBER
- control field: 13115
003 - CONTROL NUMBER IDENTIFIER
- control field: ARRUPE
005 - DATE AND TIME OF LATEST TRANSACTION
- control field: 20141209140010.0
008 - FIXED-LENGTH DATA ELEMENTS
- fixed length control field: 141209|| aca||aabn | a|a d
040 ## - CATALOGING SOURCE
- Original cataloging agency: ARRUPE
- Transcribing agency: ARRUPE
150 ## - HEADING--TOPICAL TERM
- Topical term or geographic name as entry element: Nationalism
- Geographic subdivision: Mozambique
- General subdivision: History
- Chronological subdivision: 20th century.
670 ## - SOURCE DATA FOUND
- Source citation: Work cat.: (ARRUPE)0: Birmingham, David. 13113, Frontline nationalism in Angola & Mozambique /, 1992.